|
|
|
|
| LEADER |
00000nam a2200000 a 4500 |
| 001 |
vtls010520482 |
| 003 |
SK-MaSNL |
| 005 |
20260426015345.0 |
| 008 |
240318s2012 xr a f f 000 0 cze |
| 015 |
|
|
|a SNBZSA2013-001195
|
| 020 |
|
|
|a 9788074512179
|q (brož.)
|
| 035 |
|
|
|a urn:nbn:sk:snk-am00djtu
|
| 035 |
|
|
|a urn:nbn:sk:snk-am3i4jn
|
| 035 |
|
|
|a 95ED6798-5296-494B-B1C0-875D86EEC4D9
|
| 040 |
|
|
|a SNK
|b slo
|c SNK
|e AACR2
|
| 041 |
0 |
|
|a cze
|a eng
|
| 044 |
|
|
|a xr
|c CZ
|
| 072 |
|
7 |
|a 811.111
|x Angličtina
|2 konspekt
|
| 080 |
|
|
|a 811.111
|2 2001
|
| 080 |
|
|
|a 81'373
|2 2001
|
| 080 |
|
|
|a 81'24
|2 2001
|
| 080 |
|
|
|a (035)
|2 2001
|
| 100 |
1 |
|
|a Tandlichová, Eva,
|d 1943-
|4 aut
|9 110302
|
| 245 |
1 |
0 |
|a S angličtinou do svĕta
|b English in need
|c Eva Tandlichová, Ľubica Rovanová ; [ilustrace: Lenka Hölgyeová]
|
| 246 |
3 |
0 |
|a English in need
|
| 260 |
|
|
|a Praha
|b Ottovo nakladatelství
|c 2012
|
| 300 |
|
|
|a 312 s.
|b ilustr.
|c 14 cm
|
| 504 |
|
|
|a Slovník
|
| 546 |
|
|
|a Text aj v angl.
|
| 650 |
0 |
7 |
|a angličtina
|2 SNKPH
|9 1260
|
| 650 |
0 |
7 |
|a English language
|2 SNKPHeng
|9 279139
|
| 650 |
0 |
7 |
|a slovná zásoba
|2 SNKPH
|9 66837
|
| 650 |
0 |
7 |
|a Vocabulary
|2 SNKPHeng
|9 101868
|
| 650 |
0 |
7 |
|a frázy
|2 SNKPH
|9 66390
|
| 650 |
0 |
7 |
|a Phrases
|2 SNKPHeng
|9 305003
|
| 655 |
|
7 |
|a príručky
|2 SNKPH
|9 74364
|
| 655 |
|
7 |
|a Handbooks, manuals, etc.
|2 SNKPHeng
|9 90964
|
| 700 |
1 |
|
|a Rovanová, Ľubica,
|d 1956-
|4 aut
|9 233390
|
| 700 |
1 |
|
|a Hölgyeová, Lenka
|4 ill
|9 544725
|
| 919 |
|
|
|a 978-80-7451-217-9
|
| 958 |
|
|
|a ZS
|
| 958 |
|
|
|a NB
|
| 958 |
|
|
|a SK
|
| 958 |
|
|
|a CZ
|
| 999 |
|
|
|c 1182721
|d 1184651
|
| 952 |
|
|
|a SNK
|b SNK
|y PREZ
|7 0
|p 17A1074220
|o snkSE 12662
|i snk2013/15985
|8 4
|g 4.72
|0 0
|1 0
|4 0
|d 2013-06-17
|f 1
|l 0
|r 2026-02-24 21:44:40
|w 2026-02-24
|